[Event "Helsinki Chess Festival - Girls U20"]
[Site "chess24.com"]
[Date "2019.08.15"]
[Round "3"]
[White "Narva, Mai"]
[Black "Limanovska, Elizabete"]
[Result "1-0"]
[Board "4"]
[WhiteTitle "WIM"]
[WhiteElo "2358"]
[WhiteCountry "EST"]
[WhiteFideId "4500512"]
[WhiteEloChange "5"]
[BlackTitle "WFM"]
[BlackElo "2169"]
[BlackCountry "LAT"]
[BlackFideId "11603542"]
[BlackEloChange "-5"]

1. e4 {[%clk 1:30:56]} c5 {[%clk 1:30:44]} 2. Nf3 {[%clk 1:31:21]} d6 {[%clk
1:31:11]} 3. d4 {[%clk 1:31:40]} cxd4 {[%clk 1:30:59]} 4. Nxd4 {[%clk 1:32:02]}
Nf6 {[%clk 1:31:25]} 5. Nc3 {[%clk 1:32:25]} a6 {[%clk 1:31:52]} 6. a4 {[%clk
1:32:41]} e5 {[%clk 1:31:49]} 7. Nf3 {[%clk 1:33:00]} h6 {[%clk 1:30:22]} 8. Bc4
{[%clk 1:32:52]} Be7 {[%clk 1:27:36]} 9. O-O {[%clk 1:32:01]} O-O {[%clk
1:27:59]} 10. Qe2 {[%clk 1:26:43]} Be6 {[%clk 1:22:29]} 11. Be3 {[%clk 1:14:45]}
Qc8 {[%clk 1:03:43]} 12. Bb3 {[%clk 1:09:06]} Re8 {[%clk 0:57:19]} 13. a5 {[%clk
0:50:03]} Nbd7 {[%clk 0:52:49]} 14. Rfd1 {[%clk 0:36:36]} Ng4 {[%clk 0:31:32]}
15. Nd5 {[%clk 0:30:02]} Bxd5 {[%clk 0:31:16]} 16. Bxd5 {[%clk 0:26:25]} Nxe3
{[%clk 0:30:30]} 17. Qxe3 {[%clk 0:26:34]} Nf6 {[%clk 0:29:41]} 18. Bb3 {[%clk
0:22:58]} Qc7 {[%clk 0:26:19]} 19. Nd2 {[%clk 0:20:27]} d5 {[%clk 0:19:43]} 20.
exd5 {[%clk 0:17:42]} Bc5 {[%clk 0:19:45]} 21. Qg3 {[%clk 0:11:12]} Rad8 {[%clk
0:18:54]} 22. c3 {[%clk 0:04:27]} Kh8 {[%clk 0:16:39]} 23. Ba4 {[%clk 0:00:43]}
Re7 {[%clk 0:16:27]} 24. b4 {[%clk 0:00:53]} Ba7 {[%clk 0:14:44]} 25. c4 {[%clk
0:00:57]} Bd4 {[%clk 0:14:26]} 26. Rac1 {[%clk 0:01:05]} Rd6 {[%clk 0:09:05]} 27.
Bb3 {[%clk 0:00:42]} Nh5 {[%clk 0:08:06]} 28. Qf3 {[%clk 0:00:33]} Nf4 {[%clk
0:05:32]} 29. c5 {[%clk 0:00:42]} Rg6 {[%clk 0:03:27]} 30. d6 {[%clk 0:00:39]}
Qd7 {[%clk 0:03:14]} 31. g3 {[%clk 0:00:34]} Re8 {[%clk 0:02:58]} 32. Kh1 {[%clk
0:00:39]} Nh3 {[%clk 0:02:40]} 33. Ne4 {[%clk 0:00:33]} Nxf2+ {[%clk 0:01:38]}
34. Nxf2 {[%clk 0:00:41]} Rf6 {[%clk 0:02:04]} 35. Qg4 {[%clk 0:00:33]} Qc6+
{[%clk 0:01:46]} 36. Ne4 {[%clk 0:00:38]} Rg6 {[%clk 0:00:38]} 37. Qf3 {[%clk
0:00:40]} f5 {[%clk 0:01:04]} 38. Qxf5 {[%clk 0:00:35]} Rf6 {[%clk 0:01:29]} 39.
Qg4 {[%clk 0:00:45]} Ref8 {[%clk 0:01:34]} 40. d7 {[%clk 0:30:38]} 1-0

[Event "Helsinki Chess Festival - Girls U20"]
[Site "chess24.com"]
[Date "2019.08.15"]
[Round "3"]
[White "Olde, Margareth"]
[Black "Diakonova, Ekaterina"]
[Result "1-0"]
[Board "5"]
[WhiteTitle "WFM"]
[WhiteElo "2122"]
[WhiteCountry "EST"]
[WhiteFideId "4503082"]
[WhiteEloChange "12"]
[BlackElo "2209"]
[BlackCountry "RUS"]
[BlackFideId "24172936"]
[BlackEloChange "-12"]

1. d4 {[%clk 1:30:57]} Nf6 {[%clk 1:30:54]} 2. c4 {[%clk 1:31:22]} g6 {[%clk
1:31:21]} 3. Nc3 {[%clk 1:31:38]} Bg7 {[%clk 1:31:47]} 4. Nf3 {[%clk 1:32:00]}
O-O {[%clk 1:32:13]} 5. g3 {[%clk 1:32:12]} d6 {[%clk 1:32:38]} 6. Bg2 {[%clk
1:32:31]} Nc6 {[%clk 1:33:04]} 7. O-O {[%clk 1:32:42]} a6 {[%clk 1:33:32]} 8. h3
{[%clk 1:32:53]} Bd7 {[%clk 1:33:31]} 9. b3 {[%clk 1:29:45]} Rb8 {[%clk 1:33:09]}
10. a4 {[%clk 1:26:44]} e6 {[%clk 1:27:50]} 11. Re1 {[%clk 1:20:49]} Re8 {[%clk
1:05:21]} 12. Bb2 {[%clk 1:15:37]} e5 {[%clk 1:03:56]} 13. d5 {[%clk 1:11:13]}
Ne7 {[%clk 0:58:45]} 14. e4 {[%clk 1:08:40]} Rf8 {[%clk 0:57:06]} 15. c5 {[%clk
1:04:03]} Ne8 {[%clk 0:56:47]} 16. Ba3 {[%clk 1:00:22]} h6 {[%clk 0:51:37]} 17.
Nb1 {[%clk 0:55:43]} f5 {[%clk 0:51:02]} 18. Nbd2 {[%clk 0:55:16]} g5 {[%clk
0:31:50]} 19. Nc4 {[%clk 0:52:22]} fxe4 {[%clk 0:27:22]} 20. cxd6 {[%clk
0:49:20]} cxd6 {[%clk 0:26:49]} 21. Nfd2 {[%clk 0:46:14]} Bf5 {[%clk 0:24:06]}
22. Nxe4 {[%clk 0:45:27]} Bxe4 {[%clk 0:23:34]} 23. Bxe4 {[%clk 0:45:48]} b5
{[%clk 0:23:49]} 24. axb5 {[%clk 0:00:34]} axb5 {[%clk 0:24:13]} 25. Ne3 {[%clk
0:44:20]} Nf6 {[%clk 0:23:33]} 26. Bg2 {[%clk 0:43:47]} Qb6 {[%clk 0:17:41]} 27.
Bb4 {[%clk 0:42:59]} Rbc8 {[%clk 0:10:31]} 28. Ra2 {[%clk 0:40:34]} Ra8 {[%clk
0:10:41]} 29. Rxa8 {[%clk 0:34:48]} Rxa8 {[%clk 0:11:07]} 30. Qc2 {[%clk
0:34:43]} Rf8 {[%clk 0:08:01]} 31. Qd3 {[%clk 0:27:55]} Nd7 {[%clk 0:06:38]} 32.
Bf1 {[%clk 0:26:04]} Rb8 {[%clk 0:04:11]} 33. Rc1 {[%clk 0:24:07]} Qd4 {[%clk
0:02:48]} 34. Bxd6 {[%clk 0:23:16]} Rc8 {[%clk 0:03:01]} 35. Rd1 {[%clk 0:19:52]}
Qxd3 {[%clk 0:01:39]} 36. Bxd3 {[%clk 0:20:15]} Kf7 {[%clk 0:01:48]} 37. Bxb5
{[%clk 0:19:58]} Nb6 {[%clk 0:01:41]} 38. Bxe7 {[%clk 0:17:43]} Kxe7 {[%clk
0:02:07]} 39. Nf5+ {[%clk 0:16:41]} Kf8 {[%clk 0:02:32]} 40. d6 {[%clk 0:44:36]}
Rd8 {[%clk 0:32:57]} 41. d7 {[%clk 0:44:36]} h5 {[%clk 0:33:16]} 42. Rd6 {[%clk
0:44:11]} Na8 {[%clk 0:33:20]} 43. Nxg7 {[%clk 0:43:38]} Kxg7 {[%clk 0:33:44]}
44. Re6 {[%clk 0:43:45]} Nc7 {[%clk 0:33:46]} 45. Re8 {[%clk 0:44:03]} 1-0

[Event "Helsinki Chess Festival - Girls U20"]
[Site "chess24.com"]
[Date "2019.08.15"]
[Round "4"]
[White "Norlamo, Sarabella"]
[Black "Diakonova, Ekaterina"]
[Result "0-1"]
[Board "1"]
[WhiteElo "1998"]
[WhiteCountry "FIN"]
[WhiteFideId "4505344"]
[WhiteEloChange "-5"]
[BlackElo "2209"]
[BlackCountry "RUS"]
[BlackFideId "24172936"]
[BlackEloChange "5"]

1. d4 {[%clk 1:30:57]} Nf6 {[%clk 1:30:57]} 2. c4 {[%clk 1:31:19]} c5 {[%clk
1:31:25]} 3. d5 {[%clk 1:31:42]} b5 {[%clk 1:31:52]} 4. cxb5 {[%clk 1:32:06]} a6
{[%clk 1:32:21]} 5. bxa6 {[%clk 1:32:28]} g6 {[%clk 1:32:48]} 6. Nc3 {[%clk
1:32:49]} Bg7 {[%clk 1:33:14]} 7. e4 {[%clk 1:32:58]} O-O {[%clk 1:33:39]} 8. Nf3
{[%clk 1:29:01]} Qa5 {[%clk 1:34:04]} 9. Bd2 {[%clk 1:22:54]} Bxa6 {[%clk
1:34:19]} 10. Bxa6 {[%clk 1:23:06]} Qxa6 {[%clk 1:34:44]} 11. Qe2 {[%clk
1:22:04]} e6 {[%clk 0:06:50]} 12. Qxa6 {[%clk 1:14:41]} Nxa6 {[%clk 1:32:14]} 13.
dxe6 {[%clk 1:15:04]} fxe6 {[%clk 1:32:37]} 14. O-O {[%clk 1:14:15]} Rfb8 {[%clk
0:14:37]} 15. Bc1 {[%clk 0:56:12]} c4 {[%clk 1:15:01]} 16. Ne1 {[%clk 0:37:06]}
d5 {[%clk 1:02:47]} 17. e5 {[%clk 0:34:05]} Nd7 {[%clk 1:00:47]} 18. f4 {[%clk
0:34:34]} Bf8 {[%clk 0:54:59]} 19. Rb1 {[%clk 0:26:49]} d4 {[%clk 0:51:22]} 20.
Ne4 {[%clk 0:26:14]} Nac5 {[%clk 0:50:32]} 21. Nxc5 {[%clk 0:22:14]} Bxc5 {[%clk
0:06:00]} 22. Ra1 {[%clk 0:19:46]} d3+ {[%clk 0:39:50]} 23. Kh1 {[%clk 0:20:14]}
Bd4 {[%clk 0:40:16]} 24. Nf3 {[%clk 0:14:57]} Bxb2 {[%clk 0:40:39]} 25. Rb1
{[%clk 0:12:59]} Rxa2 {[%clk 0:00:22]} 26. Rf2 {[%clk 0:13:03]} Ra1 {[%clk
0:37:41]} 27. Rxa1 {[%clk 0:10:54]} Bxa1 {[%clk 0:38:06]} 28. Rf1 {[%clk
0:07:13]} c3 {[%clk 0:36:58]} 29. Ba3 {[%clk 0:06:13]} c2 {[%clk 0:36:57]} 30.
Nd2 {[%clk 0:03:31]} Bc3 {[%clk 0:37:05]} 31. Bc1 {[%clk 0:02:37]} Nc5 {[%clk
0:36:48]} 32. g3 {[%clk 0:01:48]} Bxd2 {[%clk 0:36:32]} 33. Bxd2 {[%clk 0:02:16]}
Rb1 {[%clk 0:36:58]} 34. Kg2 {[%clk 0:02:25]} Nb3 {[%clk 0:37:25]} 35. Be3 {[%clk
0:02:32]} d2 {[%clk 0:37:52]} 0-1

[Event "Helsinki Chess Festival - Girls U20"]
[Site "chess24.com"]
[Date "2019.08.15"]
[Round "4"]
[White "Nilssen, Ellen Fredericia"]
[Black "Narva, Mai"]
[Result "0-1"]
[Board "3"]
[WhiteTitle "WFM"]
[WhiteElo "2140"]
[WhiteCountry "DEN"]
[WhiteFideId "1441230"]
[WhiteEloChange "-4"]
[BlackTitle "WIM"]
[BlackElo "2358"]
[BlackCountry "EST"]
[BlackFideId "4500512"]
[BlackEloChange "4"]

1. d4 {[%clk 1:30:55]} Nf6 {[%clk 1:30:48]} 2. c4 {[%clk 1:31:19]} g6 {[%clk
1:31:05]} 3. Nc3 {[%clk 1:31:41]} d5 {[%clk 1:31:24]} 4. cxd5 {[%clk 1:30:43]}
Nxd5 {[%clk 1:31:46]} 5. e4 {[%clk 1:31:08]} Nxc3 {[%clk 1:32:04]} 6. bxc3 {[%clk
1:31:31]} Bg7 {[%clk 1:32:25]} 7. Be3 {[%clk 1:31:56]} c5 {[%clk 1:32:42]} 8. Qd2
{[%clk 1:32:21]} cxd4 {[%clk 1:32:33]} 9. cxd4 {[%clk 1:32:38]} Nc6 {[%clk
1:32:38]} 10. Rd1 {[%clk 1:29:42]} O-O {[%clk 1:32:42]} 11. Nf3 {[%clk 1:23:17]}
Bg4 {[%clk 1:32:04]} 12. Be2 {[%clk 1:23:13]} Qa5 {[%clk 1:30:44]} 13. Qxa5
{[%clk 1:17:11]} Nxa5 {[%clk 1:31:06]} 14. Rc1 {[%clk 1:10:03]} Nc6 {[%clk
1:06:15]} 15. d5 {[%clk 1:07:15]} Bxf3 {[%clk 0:58:08]} 16. gxf3 {[%clk 1:04:32]}
Nd4 {[%clk 0:52:24]} 17. Rc4 {[%clk 0:58:11]} Nb5 {[%clk 0:28:18]} 18. a4 {[%clk
0:51:21]} Nc3 {[%clk 0:19:03]} 19. Kd2 {[%clk 0:34:13]} Rfc8 {[%clk 0:11:31]} 20.
Rxc8+ {[%clk 0:34:33]} Rxc8 {[%clk 0:11:56]} 21. Rc1 {[%clk 0:34:54]} a6 {[%clk
0:09:15]} 22. a5 {[%clk 0:33:56]} e6 {[%clk 0:08:29]} 23. Kd3 {[%clk 0:28:55]}
exd5 {[%clk 0:07:23]} 24. exd5 {[%clk 0:22:28]} Rd8 {[%clk 0:06:48]} 25. Rxc3
{[%clk 0:22:51]} Bxc3 {[%clk 0:07:11]} 26. Kxc3 {[%clk 0:23:16]} Rxd5 {[%clk
0:07:36]} 27. Kb4 {[%clk 0:22:25]} Kf8 {[%clk 0:07:09]} 28. Bc4 {[%clk 0:16:19]}
Rh5 {[%clk 0:05:43]} 29. Bf4 {[%clk 0:15:50]} Ke7 {[%clk 0:05:42]} 30. Bg3 {[%clk
0:14:19]} Rf5 {[%clk 0:05:32]} 31. Bd3 {[%clk 0:13:21]} Rh5 {[%clk 0:05:20]} 32.
Bc4 {[%clk 0:11:09]} f6 {[%clk 0:05:28]} 33. Ka4 {[%clk 0:08:22]} Kd7 {[%clk
0:04:44]} 34. Kb4 {[%clk 0:08:00]} Kc6 {[%clk 0:01:04]} 35. Bd3 {[%clk 0:07:02]}
b6 {[%clk 0:01:00]} 36. Be4+ {[%clk 0:04:54]} Kd7 {[%clk 0:01:23]} 37. axb6
{[%clk 0:05:13]} Rb5+ {[%clk 0:01:14]} 38. Ka4 {[%clk 0:05:03]} Rxb6 {[%clk
0:01:36]} 39. Ka5 {[%clk 0:05:21]} Rb2 {[%clk 0:01:31]} 40. Kxa6 {[%clk 0:35:28]}
f5 {[%clk 0:31:18]} 41. Bd5 {[%clk 0:33:00]} g5 {[%clk 0:26:53]} 42. h4 {[%clk
0:26:38]} Rd2 {[%clk 0:17:23]} 43. Bg8 {[%clk 0:25:57]} Kc6 {[%clk 0:13:12]} 44.
Ka5 {[%clk 0:25:52]} Kc5 {[%clk 0:13:04]} 45. Ka6 {[%clk 0:24:42]} f4 {[%clk
0:12:25]} 46. Bxh7 {[%clk 0:22:44]} fxg3 {[%clk 0:12:00]} 47. fxg3 {[%clk
0:23:06]} Rd6+ {[%clk 0:12:01]} 48. Kb7 {[%clk 0:20:50]} gxh4 {[%clk 0:12:15]}
0-1

[Event "Helsinki Chess Festival - Girls U20"]
[Site "chess24.com"]
[Date "2019.08.15"]
[Round "4"]
[White "Lehtinen, Helja"]
[Black "Hina, Ariza"]
[Result "1/2-1/2"]
[Board "4"]
[WhiteElo "1818"]
[WhiteCountry "FIN"]
[WhiteFideId "515566"]
[WhiteEloChange "-2"]
[BlackElo "1737"]
[BlackCountry "NOR"]
[BlackFideId "1525441"]
[BlackEloChange "2"]

1. d4 {[%clk 1:30:57]} d5 {[%clk 1:30:53]} 2. c4 {[%clk 1:31:16]} c6 {[%clk
1:31:17]} 3. Nf3 {[%clk 1:30:39]} Nf6 {[%clk 1:31:13]} 4. e3 {[%clk 1:30:12]}
Nbd7 {[%clk 1:30:12]} 5. b3 {[%clk 1:29:24]} e6 {[%clk 1:29:48]} 6. Bb2 {[%clk
1:27:27]} Bd6 {[%clk 1:28:23]} 7. Bd3 {[%clk 1:26:07]} O-O {[%clk 1:28:07]} 8.
Qc2 {[%clk 1:24:24]} Re8 {[%clk 1:25:55]} 9. O-O {[%clk 1:20:35]} e5 {[%clk
1:21:09]} 10. dxe5 {[%clk 1:16:57]} Nxe5 {[%clk 1:21:24]} 11. Nxe5 {[%clk
1:13:59]} Bxe5 {[%clk 1:21:09]} 12. Bxe5 {[%clk 1:13:32]} Rxe5 {[%clk 1:21:19]}
13. Nd2 {[%clk 1:12:07]} Re8 {[%clk 1:13:18]} 14. cxd5 {[%clk 0:58:58]} Qxd5
{[%clk 1:07:27]} 15. Rfd1 {[%clk 0:55:41]} Bg4 {[%clk 0:54:09]} 16. f3 {[%clk
0:36:37]} Bh5 {[%clk 0:43:25]} 17. Nf1 {[%clk 0:31:52]} Qa5 {[%clk 0:40:53]} 18.
e4 {[%clk 0:27:45]} Rad8 {[%clk 0:32:58]} 19. Ng3 {[%clk 0:23:42]} Bg6 {[%clk
0:30:32]} 20. Bf1 {[%clk 0:23:47]} Nd5 {[%clk 0:23:37]} 21. Qf2 {[%clk 0:16:52]}
Nc3 {[%clk 0:18:01]} 22. Rdc1 {[%clk 0:16:02]} Nb5 {[%clk 0:11:19]} 23. Rd1
{[%clk 0:14:26]} 1/2-1/2

[Event "Helsinki Chess Festival - Girls U20"]
[Site "chess24.com"]
[Date "2019.08.15"]
[Round "4"]
[White "Nazarova, Anastasia"]
[Black "Simkunaite, Gabija"]
[Result "1-0"]
[Board "5"]
[WhiteTitle "WFM"]
[WhiteElo "2261"]
[WhiteCountry "FIN"]
[WhiteFideId "34101737"]
[WhiteEloChange "3"]
[BlackElo "1978"]
[BlackCountry "LTU"]
[BlackFideId "12808253"]
[BlackEloChange "-3"]

1. e4 {[%clk 1:30:59]} c5 {[%clk 1:30:43]} 2. Nf3 {[%clk 1:31:25]} Nc6 {[%clk
1:31:02]} 3. d4 {[%clk 1:31:51]} cxd4 {[%clk 1:31:14]} 4. Nxd4 {[%clk 1:32:14]}
Nf6 {[%clk 1:30:49]} 5. Nc3 {[%clk 1:32:40]} e5 {[%clk 1:30:44]} 6. Ndb5 {[%clk
1:33:04]} d6 {[%clk 1:31:08]} 7. Bg5 {[%clk 1:33:24]} a6 {[%clk 1:31:31]} 8. Na3
{[%clk 1:33:51]} b5 {[%clk 1:31:56]} 9. Nd5 {[%clk 1:34:15]} Be7 {[%clk 1:32:19]}
10. Bxf6 {[%clk 1:34:41]} gxf6 {[%clk 1:32:11]} 11. c3 {[%clk 1:33:51]} Be6
{[%clk 1:27:41]} 12. Nc2 {[%clk 1:32:35]} f5 {[%clk 1:26:44]} 13. Bd3 {[%clk
1:32:27]} f4 {[%clk 1:22:37]} 14. a4 {[%clk 1:27:52]} Rb8 {[%clk 1:15:09]} 15.
axb5 {[%clk 1:27:03]} axb5 {[%clk 1:15:33]} 16. Qe2 {[%clk 1:26:54]} b4 {[%clk
1:09:57]} 17. Ncxb4 {[%clk 1:23:59]} Nxb4 {[%clk 1:07:39]} 18. Nxb4 {[%clk
1:24:20]} Bd7 {[%clk 1:07:15]} 19. Bc4 {[%clk 1:19:49]} Qc8 {[%clk 1:03:53]} 20.
Bd5 {[%clk 1:10:49]} Bb5 {[%clk 0:55:51]} 21. Qh5 {[%clk 1:06:05]} O-O {[%clk
0:56:03]} 22. g3 {[%clk 1:00:24]} f3 {[%clk 0:50:03]} 23. Qxf3 {[%clk 1:00:00]}
Qc5 {[%clk 0:44:04]} 24. Qe3 {[%clk 0:55:18]} Rfc8 {[%clk 0:39:28]} 25. Ra7
{[%clk 0:51:04]} Kf8 {[%clk 0:34:12]} 26. Qh6+ {[%clk 0:46:43]} Ke8 {[%clk
0:34:31]} 27. Bxf7+ {[%clk 0:46:54]} Kd8 {[%clk 0:34:28]} 28. Rxe7 {[%clk
0:19:46]} Kxe7 {[%clk 0:33:51]} 29. Nd5+ {[%clk 0:20:05]} Kd7 {[%clk 0:33:07]}
30. Qxh7 {[%clk 0:20:24]} Rd8 {[%clk 0:30:49]} 31. Be6+ {[%clk 0:20:15]} Kc6
{[%clk 0:31:11]} 32. Qc7# {[%clk 0:20:40]} 1-0